000 00392nam a22001697a 4500
005 20160622120633.0
008 160622b xxu||||| |||| 00| 0 eng d
020 _a0-7619-9676-1
041 _aeng
082 _b8996
100 _aRajan, Nalini
_9342
245 _aDemocracy and the limit of Minority Rights
260 _bSage
300 _a272
650 _aManagement
_9241
942 _cBK
999 _c3546
_d3545